Statistics for Countries by Sports League Revenue

Click here to take the quiz!

General Stats

  • This quiz has been taken 11,102 times
  • The average score is 16 of 18

Answer Stats

Billion $ Country % Correct
31.4United States
100%
7.05United Kingdom
99%
2.67Spain
98%
4.19Germany
98%
2.04France
96%
0.958Brazil
96%
0.389China
96%
2.19Italy
95%
0.803Russia
95%
0.604Mexico
93%
1.65Canada
93%
2.08Japan
93%
0.624Australia
91%
0.338Argentina
88%
0.459India
85%
0.536Netherlands
74%
1.07South Korea
73%
0.303Belgium
66%

Score Distribution

Percentile by Number Answered

Percent of People with Each Score

Your Score History

You have not taken this quiz